| 000 | 00716nam a22001817a 4500 | ||
|---|---|---|---|
| 999 |
_c61040 _d61040 |
||
| 005 | 20231211154750.0 | ||
| 008 | 231211s1977 ru ||||| |||| 00| 0 rus d | ||
| 041 | _arus | ||
| 080 | _a72.03+7 M-57 | ||
| 100 |
_aМихаловский, Казимеж _920660 |
||
| 245 |
_aДельфы / _cКазимеж Михаловский; фотографии: Анджей Дзевановский. |
||
| 264 |
_aВаршава: _b«Аркады», _c1977. |
||
| 300 |
_a84 с.: _bил.; _c29 см. |
||
| 653 | _aდელფი | ||
| 653 | _aუძველესი სამყაროს კულტურა | ||
| 700 |
_aДзевановский, Анджей _eფოტო _920244 |
||
| 942 |
_2udc _cᲬᲘᲒᲜᲘ |
||